| 000 | 00601nam a22001697a 4500 | ||
|---|---|---|---|
| 003 | NUST | ||
| 038 | _aNusrat Nadeem | ||
| 082 | _a200 | ||
| 100 |
_aMahmood Baig, Mutawara _9123461 |
||
| 245 |
_aMetal Sulfides/MXenes Based Nanostructured Electrode Materials for High-Performance Supercapacitors/ _cMutawara Mahmood Baig |
||
| 264 |
_aIslamabad; _bSCME NUST; _c2022 |
||
| 300 |
_a99,p; _bill; _c30,cm. |
||
| 650 |
_aPhD-Materials Engineering _9123162 |
||
| 700 |
_a Supervisor : Dr. Iftikhar Hussain Gul _9123462 |
||
| 856 | _u http://10.250.8.41:8080/xmlui/handle/123456789/30890 | ||
| 942 |
_2ddc _cTHE |
||
| 999 |
_c609644 _d609644 |
||